The noble scholar, jurist, historian


 His Excellency Dr. Abdul Wahhab bin Ibrahim Abu Sulaiman, may Allah have mercy on him.


 He was born in Umm Al-Qura in the year 1356 AH.

كتاب الآداب / (Record no. 13983)

MARC details
000 -LEADER
fixed length control field 01223cam a22002891i 4500
003 - CONTROL NUMBER IDENTIFIER
control field SA-RiAUC
005 - DATE AND TIME OF LATEST TRANSACTION
control field 20260111132818.0
008 - FIXED-LENGTH DATA ELEMENTS--GENERAL INFORMATION
fixed length control field 260107s1993 ua g 0000m ara c
020 ## - INTERNATIONAL STANDARD BOOK NUMBER
International Standard Book Number 9775050958
040 ## - CATALOGING SOURCE
Original cataloging agency SA-JeALM
Language of cataloging ara
Transcribing agency SA-RiAUC
Description conventions rda
050 14 - LIBRARY OF CONGRESS CALL NUMBER
Item number A17 1993
050 00 - LIBRARY OF CONGRESS CALL NUMBER
Item number M34 1993
082 04 - DEWEY DECIMAL CLASSIFICATION NUMBER
Classification number 810.9
Assigning agency SA-RiAUC
090 ## - LOCALLY ASSIGNED LC-TYPE CALL NUMBER (OCLC); LOCAL CALL NUMBER (RLIN)
Classification number (OCLC) (R) ; Classification number, CALL (RLIN) (NR) 810.9
Local cutter number (OCLC) ; Book number/undivided call number, CALL (RLIN) ش م س
100 1# - MAIN ENTRY--PERSONAL NAME
Personal name شمس الخلافة، جعفر بن محمد بن شمس الخلافة،
Dates associated with a name 543-622 هجري
Relator term مؤلف.
245 10 - TITLE STATEMENT
Title كتاب الآداب /
Statement of responsibility, etc. لجعفر بن شمس الخلافة مجد الملك ؛ عنى بتصحيحه وضبط ألفاظه وتفسيرها محمد أمين الخانجي.
246 30 - VARYING FORM OF TITLE
Title proper/short title الآداب
250 ## - EDITION STATEMENT
Edition statement الطبعة الثانية.
264 #1 - PRODUCTION, PUBLICATION, DISTRIBUTION, MANUFACTURE, AND COPYRIGHT NOTICE
Place of production, publication, distribution, manufacture القاهرة :
Name of producer, publisher, distributor, manufacturer مكتبة الخانجي،
Date of production, publication, distribution, manufacture, or copyright notice 1993
300 ## - PHYSICAL DESCRIPTION
Extent 158 صفحة ؛
Dimensions 24 سم
336 ## - CONTENT TYPE
Content type term نص
Content type code txt
Source rdacontent
Materials specified كتاب
337 ## - MEDIA TYPE
Media type term بدون وسيط
Media type code n
Source rdamedia
650 #7 - SUBJECT ADDED ENTRY--TOPICAL TERM
Topical term or geographic name entry element الأدب العربي
General subdivision تاريخ ونقد
Source of heading or term aucsh
700 1# - ADDED ENTRY--PERSONAL NAME
Personal name الخانجي، محمد أمين بن عبد العزيز،
Dates associated with a name 1282-1358 هجري
Relator term مراجع.
942 ## - ADDED ENTRY ELEMENTS (KOHA)
Source of classification or shelving scheme Dewey Decimal Classification
Koha item type Books
Suppress in OPAC No
949 ## - LOCAL PROCESSING INFORMATION (OCLC)
a SA-JeALM
d 260107
u osman123
n 1
Holdings
Withdrawn status Lost status Source of classification or shelving scheme Damaged status Not for loan Home library Current library Date acquired Total checkouts Full call number Barcode Date last seen Price effective from Koha item type
    Dewey Decimal Classification     DR AbdElwahab Library DR AbdElwahab Library 01/11/2026   810.9 ش م س 000022382 01/11/2026 01/11/2026 Books